| 000 | 03673nam a22003615i 4500 | ||
|---|---|---|---|
| 001 | 16432987 | ||
| 003 | EG-ScBUE | ||
| 005 | 20251210091927.0 | ||
| 008 | 100825t2011 flua f bd 001 0 eng d | ||
| 020 | _a9781439809556 (hardback) | ||
| 040 |
_aEG-ScBuE _beng _erda _cEG-ScBuE _dEG-ScBUE |
||
| 082 | 0 | 4 |
_a547.7 _222 _bCAR |
| 100 | 1 |
_aCarraher, Charles E., _931181 _cJr., _d1941- _eauthor. |
|
| 245 | 1 | 0 |
_aCarraher's polymer chemistry / _cCharles E. Carraher, Jr. |
| 246 | 3 | 0 | _aPolymer chemistry |
| 250 | _aEighth edition. | ||
| 264 | 1 |
_aBoca Raton : _bCRC Press / Taylor & Francis Group, _c[2011] |
|
| 264 | 4 | _cc2011 | |
| 300 |
_axxxvi, 788 pages : _billustrations ; _c27 cm |
||
| 336 |
_2rdacontent _atext _btxt |
||
| 337 |
_aunmediated _2rdamedia _bn |
||
| 338 |
_avolume _bnc _2rdacarrier |
||
| 500 | _aIncludes glossary. | ||
| 500 | _aIncludes Appendices. | ||
| 504 | _aIncludes bibliographical references and index. | ||
| 520 | _a"Updated to reflect a growing focus on green chemistry in the scientific community and in compliance with the American Chemical Society's Committee on professional training guidelines, Carraher's polymer chemistry, eighth edition integrates the core areas that contribute to the growth of polymer science. It supplies the basic understanding of polymers essential to the training of science, biomedical, and engineering students. New in the eighth edition: updating of analytical, physical, and special characterization techniques. Increased emphasis on carbon nanotubes, tapes and glues, butyl rubber, polystyrene, polypropylene, polyethylene, poly(ethylene glycols), shear-thickening fluids, photo-chemistry and photophysics, dental materials, and aramids. New sections on copolymers, including fluoroelastomers, nitrile rubbers, acrylonitrile-butadiene-styrene terpolymers, and EPDM rubber. New units on spliceosomes, asphalt, and fly ash and aluminosilicates. Larger focus on the molecular behavior of materials, including nano-scale behavior, nanotechnology, and nanomaterials. Continuing the tradition of providing a user-friendly approach to the world of polymeric materials, the book allows students to integrate their chemical knowledge and establish a connection between fundamental and applied chemical information. It contains all of the elements of an introductory text with synthesis, property, application, and characterization. Special sections in each chapter contain definitions, learning objectives, questions, and additional reading, and case studies are woven into the text fabric. Symbols, trade names, websites, and other useful ancillaries appear in appendices to supplement the text"--Provided by publisher. | ||
| 520 | _a"This new edition of Carraher's Polymer Chemistry maintains the scope and organization of its bestselling predecessors, while fulfilling the ACS-CPT advanced course requirement. Emphasizing the fundamental behavior of polymers in nature reflected in technological developments, it features new chapters on composites, fibers, and naturally occurring polymers in plants and animals. It also highlights nanoscale polymer applications with new sections on drug design, electronics, optical fibers, textiles, and adhesives. Each chapter includes study tips, glossaries, and exercises. This edition also expands listings for lab exercises, polymer structures, trade names, and Internet resources. Professors adopting the text will be aided by a test-bank available for their exclusive use"--Provided by publisher. | ||
| 650 | 7 |
_aPolymers. _931182 _2BUEsh |
|
| 650 | 7 |
_aPolymerization. _931183 _2BUEsh |
|
| 653 |
_bPPhrm _cAugust2015 |
||
| 655 | _vReading book | ||
| 942 |
_2ddc _cBB |
||
| 999 |
_c17076 _d17048 |
||